| 000 | 00743nam a22001577a 4500 | ||
|---|---|---|---|
| 003 | OSt | ||
| 005 | 20151004110834.0 | ||
| 008 | 151004b xxu||||| |||| 00| 0 eng d | ||
| 040 | _cRUA | ||
| 082 | _aAVM គឹម 1989 B065 Or.1 | ||
| 100 |
_92006 _aគឹម ស៊ឹមម៉ាឌី |
||
| 245 | _aឥទ្ធិពលគុណភាពចំណី និងទឹកដែលបណ្តាលអោយមានជំងឺមិនឆ្លងប្រដាប់រំលាយអាហារចំពោះមេជ្រូកនៅក្នុងកសិដ្ឋានចិញ្ចឹមជ្រូកស្ទឹងមានជ័យ | ||
| 260 |
_aPhnom Penh _bRUA _c1989 |
||
| 300 |
_a151p. _bill. _c29cm. |
||
| 942 |
_2ddc _cAVM |
||
| 999 |
_c1895 _d1895 |
||